000 00652nam a22002297a 4500
005 20170124110111.0
010 _aA-949634
020 _c00.00
_a8120719026
035 _aA-949634
037 _bCen Lib/Ret
040 _aDPL
_bEN
082 _aN
_bJOS
100 _aJoshi, Himanshu
_929130
245 _aFor you only /
_cby Himanshu Joshi; translated by Shrawan Kumar
260 _aNew Delhi
_bSterling Publishers
_c1998
270 _bNew Delhi
_aL-10, Green Park Extension
_e110016
300 _a152p.
_c19cm(Hb)
650 _aEnglish fiction
_929131
650 _aFiction
_98901
700 _aShrawan Kumar
_928553
942 _2ddc
_cEN
_hN
_mJOS
999 _c130408
_d130408